00510nam a2200181 a 45000010010000000030011000100080041000210350026000620820018000881000019001062450024001252600034001496500008001839420012001919520090002039980020002939990015003130000-8996ELIB.Books110520 1988  a(ELIB.Books)0000-9145 a231.044 bBof aBoff, Leonardo aTrinity and Society bMaryknoll: Orbis Books c1988 aGod 2ddccBK 00102ddc4070aKBTSbKBTSd2011-05-20l0p8398r2022-01-22 00:00:00w2022-01-22yBK cbate2011-05-20 c8996d8996